[Event "Women's World Team Chess Championship"]
[Site "Khanty-Mansiysk, RUS."]
[Date "2017.06.25"]
[Round "8.18"]
[White "Gunina Valentina (RUS)"]
[Black "Moaataz Ayah (EGY)"]
[Result "1-0"]
[BlackElo "2020"]
[WhiteElo "2499"]
[LiveChessVersion "1.4.8"]

1. e4 {[%clk 1:30:57]} c6 {[%clk 1:30:57]} 2. d4 {[%clk 1:31:23]} d5
{[%clk 1:31:22]} 3. Nc3 {[%clk 1:31:47]} dxe4 {[%clk 1:31:43]} 4. Nxe4
{[%clk 1:32:11]} Bf5 {[%clk 1:31:51]} 5. Ng3 {[%clk 1:32:20]} Bg6
{[%clk 1:32:16]} 6. Nf3 {[%clk 1:32:15]} Nd7 {[%clk 1:32:32]} 7. Bd3
{[%clk 1:32:24]} Bxd3 {[%clk 1:30:50]} 8. Qxd3 {[%clk 1:32:47]} Qc7
{[%clk 1:31:08]} 9. O-O {[%clk 1:32:50]} Ngf6 {[%clk 1:30:50]} 10. c4
{[%clk 1:32:18]} e6 {[%clk 1:29:17]} 11. a3 {[%clk 1:32:37]} Be7 {[%clk 1:28:47]}
12. Re1 {[%clk 1:32:33]} O-O {[%clk 1:28:54]} 13. Bd2 {[%clk 1:32:22]} b5
{[%clk 1:23:47]} 14. cxb5 {[%clk 1:23:30]} cxb5 {[%clk 1:24:11]} 15. Rac1
{[%clk 1:23:57]} Qb7 {[%clk 1:23:36]} 16. Nf5 {[%clk 1:22:20]} Nd5
{[%clk 1:18:28]} 17. Nxe7+ {[%clk 1:22:10]} Nxe7 {[%clk 1:18:52]} 18. Bb4
{[%clk 1:22:10]} Nf6 {[%clk 1:12:22]} 19. Bxe7 {[%clk 1:19:40]} Qxe7
{[%clk 1:12:48]} 20. Qxb5 {[%clk 1:20:02]} Rab8 {[%clk 1:12:22]} 21. Qe2
{[%clk 1:20:18]} Rb3 {[%clk 1:07:57]} 22. Rc2 {[%clk 1:20:18]} Qb7
{[%clk 1:02:53]} 23. Ne5 {[%clk 1:20:35]} Nd5 {[%clk 0:59:55]} 24. g3
{[%clk 1:20:28]} Ne7 {[%clk 0:41:48]} 25. Rec1 {[%clk 1:18:32]} Nf5
{[%clk 0:38:23]} 26. Nc6 {[%clk 1:16:40]} Qd7 {[%clk 0:31:36]} 27. Rd1
{[%clk 1:13:16]} Rb6 {[%clk 0:30:27]} 28. Qf3 {[%clk 1:12:11]} Qb7
{[%clk 0:27:13]} 29. b4 {[%clk 1:11:13]} Kh8 {[%clk 0:22:02]} 30. d5
{[%clk 1:11:02]} Qd7 {[%clk 0:17:52]} 31. dxe6 {[%clk 1:10:03]} Qxe6
{[%clk 0:18:17]} 32. Nxa7 {[%clk 1:10:08]} Nh4 {[%clk 0:16:31]} 33. Qd5
{[%clk 1:04:37]} Qg4 {[%clk 0:11:37]} 34. Rc8 {[%clk 1:04:08]} Rb8
{[%clk 0:11:06]} 35. Rxb8 {[%clk 1:04:24]} 1-0

[Event "Women's World Team Chess Championship"]
[Site "Khanty-Mansiysk, RUS."]
[Date "2017.06.25"]
[Round "8.19"]
[White "Elansary Eman (EGY)"]
[Black "Goryachkina Aleksandra (RUS)"]
[Result "1/2-1/2"]
[BlackElo "2477"]
[WhiteElo "1887"]
[LiveChessVersion "1.4.8"]

1. d4 {[%clk 1:30:55]} d5 {[%clk 1:30:53]} 2. Nf3 {[%clk 1:31:14]} Nf6
{[%clk 1:30:49]} 3. e3 {[%clk 1:31:34]} Bf5 {[%clk 1:29:22]} 4. Be2
{[%clk 1:29:34]} e6 {[%clk 1:29:13]} 5. Ne5 {[%clk 1:29:08]} h6 {[%clk 1:27:47]}
6. O-O {[%clk 1:27:54]} Bd6 {[%clk 1:27:35]} 7. b3 {[%clk 1:25:39]} O-O
{[%clk 1:25:03]} 8. Bb2 {[%clk 1:21:56]} a5 {[%clk 1:22:47]} 9. c4
{[%clk 1:21:46]} c6 {[%clk 1:20:18]} 10. Nc3 {[%clk 1:13:08]} Nbd7
{[%clk 1:18:49]} 11. f4 {[%clk 1:10:23]} Qe7 {[%clk 1:15:58]} 12. Na4
{[%clk 1:05:40]} Rab8 {[%clk 1:14:45]} 13. c5 {[%clk 1:05:05]} Bc7
{[%clk 1:11:24]} 14. Rc1 {[%clk 1:02:09]} Nxe5 {[%clk 1:09:42]} 15. dxe5
{[%clk 0:58:33]} Ne4 {[%clk 1:09:09]} 16. Bf3 {[%clk 0:52:47]} Rbd8
{[%clk 1:08:21]} 17. Qe1 {[%clk 0:50:54]} f6 {[%clk 0:59:42]} 18. Qh4
{[%clk 0:46:13]} Rf7 {[%clk 0:55:32]} 19. Bxe4 {[%clk 0:41:44]} Bxe4
{[%clk 0:55:35]} 20. exf6 {[%clk 0:41:05]} gxf6 {[%clk 0:55:44]} 21. Rf2
{[%clk 0:33:46]} Kh7 {[%clk 0:54:37]} 22. Nc3 {[%clk 0:33:01]} Bg6 23. Ne2
{[%clk 0:30:40]} Rg8 {[%clk 0:46:48]} 24. Ng3 {[%clk 0:27:35]} Bd8
{[%clk 0:43:28]} 25. Qh3 {[%clk 0:17:35]} f5 {[%clk 0:40:47]} 26. Nf1
{[%clk 0:17:49]} Qh4 {[%clk 0:38:46]} 27. Qxh4 {[%clk 0:17:37]} Bxh4
{[%clk 0:39:14]} 28. Bc3 {[%clk 0:15:42]} Bxf2+ {[%clk 0:38:47]} 29. Kxf2
{[%clk 0:16:11]} Ra8 {[%clk 0:38:55]} 30. a4 {[%clk 0:16:05]} Rff8
{[%clk 0:35:28]} 31. Nd2 {[%clk 0:15:57]} Bh5 {[%clk 0:35:05]} 32. Nb1
{[%clk 0:14:13]} Kg8 {[%clk 0:29:40]} 33. Na3 {[%clk 0:14:09]} Kf7
{[%clk 0:28:52]} 34. Nc2 {[%clk 0:14:23]} Rfc8 {[%clk 0:28:25]} 35. Ne1
{[%clk 0:14:10]} Ra6 {[%clk 0:22:10]} 36. Nd3 {[%clk 0:12:52]} Ke7
{[%clk 0:18:19]} 37. Bd4 {[%clk 0:12:21]} Be8 {[%clk 0:18:24]} 38. h3
{[%clk 0:10:29]} Bd7 {[%clk 0:17:33]} 39. g4 {[%clk 0:09:08]} Rg8
{[%clk 0:16:20]} 40. Ne5 {[%clk 0:38:02]} 1/2-1/2

[Event "Women's World Team Chess Championship"]
[Site "Khanty-Mansiysk, RUS."]
[Date "2017.06.25"]
[Round "8.20"]
[White "Girya Olga (RUS)"]
[Black "Ehab Tasneem (EGY)"]
[Result "1-0"]
[BlackElo "1750"]
[WhiteElo "2480"]
[LiveChessVersion "1.4.8"]

1. d4 {[%clk 1:30:58]} Nf6 {[%clk 1:30:55]} 2. c4 {[%clk 1:31:23]} g6
{[%clk 1:31:19]} 3. Nc3 {[%clk 1:31:49]} Bg7 {[%clk 1:31:46]} 4. e4
{[%clk 1:32:13]} d6 {[%clk 1:32:13]} 5. Nf3 {[%clk 1:32:28]} O-O {[%clk 1:32:35]}
6. Be2 {[%clk 1:32:55]} e5 {[%clk 1:32:32]} 7. Be3 {[%clk 1:33:15]} Nc6
{[%clk 1:32:49]} 8. d5 {[%clk 1:33:26]} Ne7 {[%clk 1:33:02]} 9. Nd2
{[%clk 1:33:39]} Nd7 {[%clk 1:32:04]} 10. b4 {[%clk 1:31:52]} f5 {[%clk 1:30:56]}
11. f3 {[%clk 1:31:59]} f4 {[%clk 1:29:19]} 12. Bf2 {[%clk 1:32:24]} c6
{[%clk 1:24:47]} 13. c5 {[%clk 1:21:57]} dxc5 {[%clk 1:15:05]} 14. bxc5
{[%clk 1:09:04]} cxd5 {[%clk 1:13:08]} 15. exd5 {[%clk 1:09:29]} Qa5
{[%clk 1:13:13]} 16. Qb3 {[%clk 1:07:04]} Kh8 {[%clk 1:04:55]} 17. Nde4
{[%clk 1:06:53]} Nf5 {[%clk 1:01:06]} 18. O-O {[%clk 1:03:30]} Nd4
{[%clk 0:55:09]} 19. Qc4 {[%clk 1:03:00]} b5 {[%clk 0:33:52]} 20. Nxb5
{[%clk 1:02:01]} Ba6 {[%clk 0:32:52]} 21. a4 {[%clk 1:01:29]} Rfc8
{[%clk 0:31:45]} 22. Bxd4 {[%clk 0:50:28]} exd4 {[%clk 0:31:54]} 23. Bd3
{[%clk 0:50:34]} Ne5 {[%clk 0:25:57]} 24. Qb3 {[%clk 0:47:09]} Rab8
{[%clk 0:21:25]} 25. Rfb1 {[%clk 0:46:02]} Qd8 {[%clk 0:19:31]} 26. Rd1
{[%clk 0:45:45]} Bb7 {[%clk 0:13:54]} 27. c6 {[%clk 0:44:58]} Bxc6
{[%clk 0:13:35]} 28. dxc6 {[%clk 0:44:55]} a6 {[%clk 0:13:12]} 29. Qe6
{[%clk 0:41:57]} axb5 {[%clk 0:09:03]} 30. axb5 {[%clk 0:42:12]} Nxd3
{[%clk 0:09:06]} 31. Rxd3 {[%clk 0:42:30]} Qc7 {[%clk 0:07:29]} 32. Ng5
{[%clk 0:37:48]} Rf8 {[%clk 0:06:56]} 33. Qh3 {[%clk 0:37:54]} h6
{[%clk 0:03:36]} 34. Ne6 {[%clk 0:38:07]} Qe5 {[%clk 0:03:41]} 35. Nxf8
{[%clk 0:38:24]} Bxf8 {[%clk 0:03:45]} 36. Qd7 {[%clk 0:37:29]} Bd6
{[%clk 0:02:59]} 37. b6 {[%clk 0:36:42]} Re8 {[%clk 0:00:58]} 38. c7
{[%clk 0:36:16]} 1-0

[Event "Women's World Team Chess Championship"]
[Site "Khanty-Mansiysk, RUS."]
[Date "2017.06.26"]
[Round "9.2"]
[White "Zhukova Natalia (UKR)"]
[Black "Lagno Kateryna (RUS)"]
[Result "1/2-1/2"]
[BlackElo "2539"]
[WhiteElo "2449"]
[LiveChessVersion "1.4.8"]

1. d4 {[%clk 1:30:57]} Nf6 {[%clk 1:30:48]} 2. c4 {[%clk 1:31:16]} g6
{[%clk 1:31:09]} 3. Nc3 {[%clk 1:31:33]} d5 {[%clk 1:31:27]} 4. Nf3
{[%clk 1:31:46]} Bg7 {[%clk 1:31:47]} 5. h4 {[%clk 1:32:02]} dxc4
{[%clk 1:30:48]} 6. e4 {[%clk 1:31:57]} c5 {[%clk 1:30:44]} 7. d5
{[%clk 1:31:49]} b5 {[%clk 1:30:28]} 8. h5 {[%clk 1:31:58]} Nxh5 {[%clk 1:30:40]}
9. Nxb5 {[%clk 1:31:19]} O-O {[%clk 1:30:11]} 10. Bxc4 {[%clk 1:31:31]} Bg4
{[%clk 1:28:21]} 11. Qc2 {[%clk 1:31:37]} a6 {[%clk 1:25:51]} 12. Na3
{[%clk 1:28:17]} Qc7 {[%clk 1:21:49]} 13. Be2 {[%clk 1:11:30]} Nf4
{[%clk 1:17:54]} 14. d6 {[%clk 0:55:13]} Qxd6 {[%clk 1:10:58]} 15. e5
{[%clk 0:54:51]} Nxg2+ {[%clk 1:05:55]} 16. Kf1 {[%clk 0:55:05]} Qc6
{[%clk 0:59:25]} 17. Kxg2 {[%clk 0:55:14]} Nd7 {[%clk 0:59:52]} 18. Nc4
{[%clk 0:48:57]} Nxe5 {[%clk 0:59:39]} 19. Ncxe5 {[%clk 0:49:04]} Bxe5
{[%clk 1:00:05]} 20. Bd2 {[%clk 0:41:30]} Rfd8 {[%clk 0:42:57]} 21. Bc3
{[%clk 0:40:25]} Bf5 {[%clk 0:37:54]} 22. Qc1 {[%clk 0:32:18]} Bxc3
{[%clk 0:37:16]} 23. bxc3 {[%clk 0:19:53]} h5 {[%clk 0:37:09]} 24. Qf4
{[%clk 0:14:42]} Rd6 {[%clk 0:24:56]} 25. Kg1 {[%clk 0:08:57]} Qe4
{[%clk 0:09:20]} 26. Qxe4 {[%clk 0:09:04]} Bxe4 {[%clk 0:09:48]} 27. Rh4
{[%clk 0:09:24]} Bd3 {[%clk 0:08:06]} 28. Re1 {[%clk 0:08:34]} e6
{[%clk 0:05:55]} 29. Kg2 {[%clk 0:05:34]} Bb5 {[%clk 0:02:13]} 30. Ne5
{[%clk 0:02:24]} Rd2 {[%clk 0:02:11]} 31. Bf3 {[%clk 0:02:27]} Rad8
{[%clk 0:02:17]} 32. a4 {[%clk 0:02:30]} Be8 {[%clk 0:02:44]} 33. Rc4
{[%clk 0:01:16]} Ra2 {[%clk 0:02:46]} 34. Rxc5 {[%clk 0:00:57]} Bxa4
{[%clk 0:02:34]} 35. Re2 {[%clk 0:00:45]} Ra1 {[%clk 0:01:53]} 36. Ra5
{[%clk 0:00:42]} Rdd1 {[%clk 0:01:40]} 37. Rb2 {[%clk 0:00:34]} Rg1+
{[%clk 0:01:01]} 38. Kh2 {[%clk 0:01:01]} Rg5 {[%clk 0:00:56]} 39. Rb4
{[%clk 0:00:38]} Ra2 {[%clk 0:01:10]} 40. Rbxa4 {[%clk 0:30:37]} Rxf2+
{[%clk 0:31:19]} 41. Kh3 {[%clk 0:27:34]} f6 {[%clk 0:19:50]} 42. Bb7
{[%clk 0:13:03]} fxe5 {[%clk 0:10:25]} 43. Ra2 {[%clk 0:10:15]} Rf4
{[%clk 0:08:14]} 44. Rg2 {[%clk 0:08:04]} Rxg2 {[%clk 0:08:00]} 45. Kxg2
{[%clk 0:08:22]} Rc4 {[%clk 0:08:00]} 46. Ra3 {[%clk 0:08:37]} a5
{[%clk 0:08:22]} 47. Ba6 {[%clk 0:08:16]} Rc5 {[%clk 0:07:55]} 48. c4
{[%clk 0:08:19]} Kg7 {[%clk 0:07:17]} 49. Bb5 {[%clk 0:08:41]} Kf6
{[%clk 0:06:20]} 50. Kf3 {[%clk 0:05:32]} g5 {[%clk 0:06:28]} 51. Rxa5
{[%clk 0:05:52]} g4+ {[%clk 0:06:35]} 52. Ke4 {[%clk 0:05:19]} h4
{[%clk 0:04:35]} 53. Ra8 {[%clk 0:04:00]} Kg7 {[%clk 0:02:16]} 54. Ke3
{[%clk 0:01:17]} Rc7 {[%clk 0:02:33]} 55. Kf2 {[%clk 0:00:42]} Kf6
{[%clk 0:02:41]} 56. Rg8 {[%clk 0:00:41]} Kf5 {[%clk 0:03:03]} 57. Ke3
{[%clk 0:00:48]} h3 {[%clk 0:03:06]} 58. Kf2 {[%clk 0:00:52]} Rh7
{[%clk 0:03:08]} 59. Bc6 {[%clk 0:00:43]} h2 {[%clk 0:02:49]} 60. Bh1
{[%clk 0:00:52]} Rc7 {[%clk 0:03:11]} 61. Rf8+ {[%clk 0:00:40]} Kg5
{[%clk 0:03:37]} 62. Rg8+ {[%clk 0:00:55]} Kf5 {[%clk 0:04:02]} 63. Rf8+
{[%clk 0:00:58]} Kg5 {[%clk 0:04:29]} 64. Rg8+ {[%clk 0:00:33]} 1/2-1/2

[Event "Women's World Team Chess Championship"]
[Site "Khanty-Mansiysk, RUS."]
[Date "2017.06.26"]
[Round "9.3"]
[White "Gunina Valentina (RUS)"]
[Black "Gaponenko Inna (UKR)"]
[Result "1-0"]
[BlackElo "2428"]
[WhiteElo "2499"]
[LiveChessVersion "1.4.8"]

1. d4 {[%clk 1:30:54]} Nf6 {[%clk 1:30:53]} 2. c4 {[%clk 1:31:03]} e6
{[%clk 1:31:17]} 3. Nf3 {[%clk 1:31:17]} d5 {[%clk 1:31:37]} 4. g3
{[%clk 1:31:28]} Bb4+ {[%clk 1:28:48]} 5. Bd2 {[%clk 1:31:35]} Bd6
{[%clk 1:27:43]} 6. Bg2 {[%clk 1:29:47]} Nbd7 {[%clk 1:24:17]} 7. O-O
{[%clk 1:23:40]} O-O {[%clk 1:20:16]} 8. Qc2 {[%clk 1:18:17]} c6 {[%clk 1:18:57]}
9. Bf4 {[%clk 1:02:51]} Bxf4 {[%clk 1:15:47]} 10. gxf4 {[%clk 1:02:30]} b6
{[%clk 1:16:10]} 11. Ne5 {[%clk 1:00:15]} Nxe5 {[%clk 1:15:56]} 12. fxe5
{[%clk 0:58:03]} Ng4 {[%clk 1:16:07]} 13. Nd2 {[%clk 0:50:53]} Ba6
{[%clk 0:57:49]} 14. Rac1 {[%clk 0:42:11]} Rc8 {[%clk 0:27:56]} 15. Qc3
{[%clk 0:42:14]} Bxc4 {[%clk 0:24:42]} 16. Nxc4 {[%clk 0:40:26]} dxc4
{[%clk 0:25:00]} 17. Qxc4 {[%clk 0:35:09]} c5 {[%clk 0:11:29]} 18. h3
{[%clk 0:32:10]} Nh6 {[%clk 0:11:52]} 19. Rfd1 {[%clk 0:32:32]} cxd4
{[%clk 0:11:43]} 20. Qxc8 {[%clk 0:32:37]} Qxc8 {[%clk 0:12:10]} 21. Rxc8
{[%clk 0:33:03]} Rxc8 {[%clk 0:12:37]} 22. Rxd4 {[%clk 0:33:25]} f6
{[%clk 0:10:39]} 23. exf6 {[%clk 0:26:44]} gxf6 {[%clk 0:11:07]} 24. Rd6
{[%clk 0:27:04]} Rc1+ {[%clk 0:07:20]} 25. Kh2 {[%clk 0:27:09]} Rc2
{[%clk 0:07:38]} 26. Rxe6 {[%clk 0:27:15]} Rxb2 {[%clk 0:07:23]} 27. Rxf6
{[%clk 0:25:08]} Kg7 {[%clk 0:07:28]} 28. Re6 {[%clk 0:25:31]} Rxa2
{[%clk 0:01:21]} 29. Re7+ {[%clk 0:23:39]} Kf6 {[%clk 0:01:49]} 30. Rxh7
{[%clk 0:23:31]} Nf5 {[%clk 0:02:18]} 31. e4 {[%clk 0:22:49]} Nd4
{[%clk 0:02:21]} 32. Rd7 {[%clk 0:17:49]} Ne6 {[%clk 0:01:28]} 33. Kg3
{[%clk 0:16:17]} a5 {[%clk 0:01:23]} 34. h4 {[%clk 0:13:37]} a4 {[%clk 0:00:50]}
35. h5 {[%clk 0:13:47]} Rc2 {[%clk 0:00:47]} 36. h6 {[%clk 0:12:43]} Rc8
{[%clk 0:00:39]} 37. h7 {[%clk 0:10:58]} Rh8 {[%clk 0:01:08]} 38. f4
{[%clk 0:11:08]} Nc5 {[%clk 0:00:35]} 39. e5+ {[%clk 0:10:30]} Kg6
{[%clk 0:00:33]} 40. Rc7 {[%clk 0:38:22]} Rxh7 {[%clk 0:30:37]} 41. Rc6+
{[%clk 0:38:30]} Kf7 {[%clk 0:23:47]} 42. Bd5+ {[%clk 0:36:13]} Ke8
{[%clk 0:22:20]} 43. Rxb6 {[%clk 0:35:27]} Ra7 {[%clk 0:19:35]} 44. Rb8+
{[%clk 0:34:36]} Ke7 {[%clk 0:13:18]} 45. Rc8 {[%clk 0:18:59]} Nd3
{[%clk 0:01:36]} 46. Bc4 {[%clk 0:13:21]} a3 {[%clk 0:01:18]} 47. Rh8
{[%clk 0:09:53]} Ra5 {[%clk 0:00:54]} 48. Rh7+ {[%clk 0:10:05]} Kf8
{[%clk 0:00:45]} 49. Bxd3 {[%clk 0:07:38]} a2 {[%clk 0:01:07]} 50. e6
{[%clk 0:08:00]} Ra3 {[%clk 0:01:27]} 51. Kg4 {[%clk 0:08:16]} Rxd3
{[%clk 0:00:41]} 52. Ra7 {[%clk 0:08:42]} Rd2 {[%clk 0:00:39]} 53. Kg5
{[%clk 0:08:54]} Rf2 {[%clk 0:00:36]} 54. f5 {[%clk 0:08:53]} Kg8
{[%clk 0:00:40]} 55. Kg6 {[%clk 0:08:41]} Rg2+ {[%clk 0:00:37]} 56. Kf6
{[%clk 0:09:09]} Rh2 {[%clk 0:00:33]} 57. Ra8+ {[%clk 0:09:30]} Kh7
{[%clk 0:00:59]} 58. e7 {[%clk 0:09:36]} 1-0

[Event "Women's World Team Chess Championship"]
[Site "Khanty-Mansiysk, RUS."]
[Date "2017.06.26"]
[Round "9.4"]
[White "Buksa Nataliya (UKR)"]
[Black "Girya Olga (RUS)"]
[Result "0-1"]
[BlackElo "2480"]
[WhiteElo "2344"]
[LiveChessVersion "1.4.8"]

1. e4 {[%clk 1:30:58]} c6 {[%clk 1:30:53]} 2. d4 {[%clk 1:31:22]} d5
{[%clk 1:31:19]} 3. e5 {[%clk 1:31:40]} Bf5 {[%clk 1:31:26]} 4. Nf3
{[%clk 1:32:04]} e6 {[%clk 1:31:43]} 5. Be2 {[%clk 1:32:29]} Ne7 {[%clk 1:32:00]}
6. O-O {[%clk 1:32:47]} Bg6 {[%clk 1:31:56]} 7. c3 {[%clk 1:32:33]} h6
{[%clk 1:32:11]} 8. Na3 {[%clk 1:32:28]} Nf5 {[%clk 1:29:11]} 9. b3
{[%clk 1:32:40]} Nd7 {[%clk 1:29:37]} 10. c4 {[%clk 1:25:13]} Be7
{[%clk 1:19:06]} 11. cxd5 {[%clk 1:00:08]} cxd5 {[%clk 1:19:08]} 12. g4
{[%clk 1:00:34]} Nh4 {[%clk 1:19:34]} 13. Nxh4 {[%clk 1:01:02]} Bxh4
{[%clk 1:19:58]} 14. f4 {[%clk 1:01:30]} Be4 {[%clk 1:05:28]} 15. Bd3
{[%clk 0:50:13]} Bxd3 {[%clk 1:02:56]} 16. Qxd3 {[%clk 0:50:08]} Qb6
{[%clk 1:00:27]} 17. Nc2 {[%clk 0:41:36]} Be7 {[%clk 0:53:53]} 18. Ne3
{[%clk 0:35:05]} O-O {[%clk 0:50:08]} 19. f5 {[%clk 0:29:06]} Bg5
{[%clk 0:48:10]} 20. Kh1 {[%clk 0:24:08]} f6 {[%clk 0:41:48]} 21. fxe6
{[%clk 0:24:00]} Qxe6 {[%clk 0:41:45]} 22. Qg6 {[%clk 0:24:14]} Qa6
{[%clk 0:29:35]} 23. Re1 {[%clk 0:09:54]} Bxe3 {[%clk 0:25:35]} 24. Bxe3
{[%clk 0:10:22]} fxe5 {[%clk 0:25:55]} 25. Qxa6 {[%clk 0:10:33]} bxa6
{[%clk 0:26:24]} 26. dxe5 {[%clk 0:11:02]} Nxe5 {[%clk 0:26:30]} 27. Bc5
{[%clk 0:11:22]} Rfe8 {[%clk 0:23:39]} 28. Rad1 {[%clk 0:05:04]} Nxg4
{[%clk 0:21:32]} 29. Rxe8+ {[%clk 0:04:07]} Rxe8 {[%clk 0:22:00]} 30. Rxd5
{[%clk 0:04:35]} Re2 {[%clk 0:17:52]} 31. h3 {[%clk 0:04:46]} Ne5
{[%clk 0:15:51]} 32. Bd6 {[%clk 0:02:35]} Nf7 {[%clk 0:15:07]} 33. a4
{[%clk 0:01:10]} Re3 {[%clk 0:13:41]} 34. Kg2 {[%clk 0:00:40]} Rxb3
{[%clk 0:13:32]} 35. Bc5 {[%clk 0:01:05]} Rb2+ {[%clk 0:07:41]} 36. Kg3
{[%clk 0:01:34]} Ra2 {[%clk 0:05:53]} 37. Rd4 {[%clk 0:01:34]} Ng5
{[%clk 0:02:22]} 38. Rc4 {[%clk 0:02:00]} Kf7 {[%clk 0:01:45]} 39. h4
{[%clk 0:00:49]} Ne6 {[%clk 0:01:49]} 40. Bxa7 {[%clk 0:31:18]} Kf6
{[%clk 0:30:37]} 41. Bb6 {[%clk 0:19:32]} h5 {[%clk 0:23:38]} 42. a5
{[%clk 0:12:42]} Ra3+ {[%clk 0:23:49]} 43. Kg2 {[%clk 0:13:08]} Kf5
{[%clk 0:23:39]} 44. Rc6 {[%clk 0:13:19]} Ra4 {[%clk 0:15:38]} 45. Kh3
{[%clk 0:11:07]} Rg4 {[%clk 0:15:37]} 46. Be3 {[%clk 0:09:45]} Ra4
{[%clk 0:13:19]} 47. Bb6 {[%clk 0:10:14]} Nf4+ {[%clk 0:11:42]} 48. Kg3
{[%clk 0:10:05]} Ra3+ {[%clk 0:11:59]} 49. Kf2 {[%clk 0:10:19]} Ne6
{[%clk 0:10:51]} 50. Kg2 {[%clk 0:10:31]} g6 {[%clk 0:10:25]} 51. Kh2
{[%clk 0:06:01]} Ra4 {[%clk 0:10:16]} 52. Kh3 {[%clk 0:06:18]} Re4
{[%clk 0:08:21]} 53. Bf2 {[%clk 0:05:54]} Nf4+ {[%clk 0:06:42]} 54. Kg3
{[%clk 0:04:39]} Nd3 {[%clk 0:07:04]} 55. Ba7 {[%clk 0:00:39]} Rg4+
{[%clk 0:07:22]} 56. Kh3 {[%clk 0:01:08]} Nf4+ {[%clk 0:07:40]} 57. Kh2
{[%clk 0:01:37]} Rxh4+ {[%clk 0:07:57]} 58. Kg1 {[%clk 0:01:31]} Rh3
{[%clk 0:06:05]} 59. Rxa6 {[%clk 0:01:38]} Ra3 {[%clk 0:06:03]} 60. Bb8
{[%clk 0:01:07]} g5 {[%clk 0:03:44]} 61. Ra7 {[%clk 0:00:57]} Kg4
{[%clk 0:02:34]} 62. Kf2 {[%clk 0:01:24]} h4 {[%clk 0:02:14]} 63. a6
{[%clk 0:00:37]} h3 {[%clk 0:02:21]} 64. Bxf4 {[%clk 0:00:36]} Kxf4
{[%clk 0:02:36]} 65. Rh7 {[%clk 0:00:36]} Ra2+ 66. Kf1 Kg3 {[%clk 0:02:48]} 67.
a7 {[%clk 0:01:15]} h2 {[%clk 0:03:00]} 68. Rh5 {[%clk 0:00:56]} g4
{[%clk 0:03:05]} 69. Rh7 {[%clk 0:01:25]} Rxa7 {[%clk 0:03:05]} 0-1

[Event "Women's World Team Chess Championship"]
[Site "Khanty-Mansiysk, RUS."]
[Date "2017.06.26"]
[Round "9.5"]
[White "Ju Wenjun (CHN)"]
[Black "Mona Khaled (EGY)"]
[Result "0-1"]
[BlackElo "2168"]
[WhiteElo "2583"]
[LiveChessVersion "1.4.8"]

1. d4 {[%clk 1:30:44]} Nf6 {[%clk 1:30:49]} 2. c4 {[%clk 1:30:53]} g6
{[%clk 1:31:13]} 3. Nc3 {[%clk 1:31:13]} Bg7 {[%clk 1:31:34]} 4. e4
{[%clk 1:31:28]} d6 {[%clk 1:31:59]} 5. Be2 {[%clk 1:31:53]} c6 {[%clk 1:28:59]}
6. f4 {[%clk 1:29:18]} e5 {[%clk 1:24:32]} 7. fxe5 {[%clk 1:26:19]} dxe5
{[%clk 1:24:55]} 8. d5 {[%clk 1:26:46]} cxd5 {[%clk 1:24:09]} 9. cxd5
{[%clk 1:27:08]} O-O {[%clk 1:20:01]} 10. Nf3 {[%clk 1:26:19]} Qb6
{[%clk 1:13:18]} 11. Qb3 {[%clk 1:24:23]} Qc5 {[%clk 1:12:35]} 12. Bd2
{[%clk 1:18:44]} Nbd7 {[%clk 1:05:50]} 13. Rc1 {[%clk 1:17:43]} a6
{[%clk 1:05:33]} 14. Nd1 {[%clk 1:10:01]} Qa7 {[%clk 1:05:15]} 15. Be3
{[%clk 1:03:46]} Qb8 {[%clk 1:02:32]} 16. Nf2 {[%clk 1:03:24]} b5
{[%clk 1:00:57]} 17. O-O {[%clk 1:03:20]} Bb7 {[%clk 0:57:43]} 18. a4
{[%clk 0:54:57]} Qd6 {[%clk 0:49:51]} 19. axb5 {[%clk 0:49:48]} axb5
{[%clk 0:50:10]} 20. Bxb5 {[%clk 0:50:12]} Rfb8 {[%clk 0:49:56]} 21. Qd3
{[%clk 0:49:51]} Ba6 {[%clk 0:44:58]} 22. Bxa6 {[%clk 0:50:14]} Rxa6
{[%clk 0:45:20]} 23. Nd2 {[%clk 0:48:51]} Ra4 {[%clk 0:44:26]} 24. b3
{[%clk 0:46:29]} Rab4 {[%clk 0:44:24]} 25. Rc6 {[%clk 0:46:46]} Qf8
{[%clk 0:44:31]} 26. Rfc1 {[%clk 0:46:31]} Bh6 {[%clk 0:43:15]} 27. Bxh6
{[%clk 0:46:02]} Qxh6 {[%clk 0:43:39]} 28. Rc8+ {[%clk 0:46:29]} Kg7
{[%clk 0:42:20]} 29. R8c4 {[%clk 0:38:49]} Nc5 {[%clk 0:38:03]} 30. Rxc5
{[%clk 0:38:17]} Rd4 {[%clk 0:38:27]} 31. Qf3 {[%clk 0:37:14]} Rxd2
{[%clk 0:36:48]} 32. R5c2 {[%clk 0:28:50]} Rd4 {[%clk 0:33:40]} 33. Rc4
{[%clk 0:22:31]} Rd2 {[%clk 0:32:59]} 34. Rf1 {[%clk 0:21:03]} Qf4
{[%clk 0:31:35]} 35. Qc3 {[%clk 0:20:18]} Re2 {[%clk 0:25:46]} 36. g3
{[%clk 0:19:19]} Qg5 {[%clk 0:23:21]} 37. b4 {[%clk 0:14:04]} Ra8
{[%clk 0:21:38]} 38. Qf3 {[%clk 0:01:44]} Raa2 {[%clk 0:18:16]} 39. Nh3
{[%clk 0:01:01]} Qe3+ {[%clk 0:18:33]} 40. Qxe3 {[%clk 0:31:28]} Rg2+
{[%clk 0:48:54]} 41. Kh1 {[%clk 0:31:03]} Rxh2+ {[%clk 0:49:17]} 0-1